| 000 | 00996nam a22002177a 4500 | ||
|---|---|---|---|
| 999 |
_c21383 _d21383 |
||
| 003 | AR-CdUCM | ||
| 008 | 190529b ||||| |||| 00| 0 spa d | ||
| 020 | _a9788490352854 | ||
| 040 |
_aMUNICIPALIDAD PROVINCIAL DEL CUSCO _cBIBLIOTECA MUNICIPAL DEL CUSCO |
||
| 082 |
_a657.4/H2D _bH2D _2Once |
||
| 100 |
_aHeizer, Jay _944602 |
||
| 245 |
_aDirección de la producción y de operaciones : _bDecisiones tácticas / |
||
| 260 |
_aMadri ; _bPearson, _c2015. |
||
| 300 |
_a528 Páginas. : _c25 cm. |
||
| 505 | _aContenido: Dirección de la cadena de suministros -- Gestión de inventarios -- Planificación agregada planificación de ventas y operaciones -- Planificación de las necesidades de materiales -- Herramientas para la toma de decisiones -- Programación lineal -- Modelos de transporte -- curvas de aprendizaje ... | ||
| 650 |
_aProducción _91785 |
||
| 650 |
_aEconomía de la producción _942524 |
||
| 650 |
_aDiseño de producción _922213 |
||
| 942 |
_2ddc _cLIBROS |
||
| 945 | _aRoel | ||